000 00363nam a2200121Ia 4500
008 240731s9999 xx 000 0 und d
022 _a1525-6073
245 0 _aChronobiology International : The Journal of Biological and Medical Rhythm Research
260 _bTaylor & Francis
856 _uhttps://www.tandfonline.com/loi/icbi20
942 _2ddc
942 _cTFEJ
999 _c75859
_d75859
945 _a1
_bMadushi Gamage
_c1
_dMadushi Gamage